Priamia activa : (Registro nro. 15124)

Detalles MARC
000 -LIDER
fixed length control field 01450nam a2200301 a 4500
001 - NÚMERO DE CONTROL
Identificador de número de control 03809
003 - IDENTIFICACDOR DE NÚMERO DE CONTROL
control field DO-SdBPM
005 - DATE AND TIME OF LATEST TRANSACTION
control field 20250602112817.0
007 - CAMPOS FIJOS DE DESCRIPCIÓN FÍSICA
fixed length control field 03809
008 - ELEMENTOS DE LONGITUD FIJA
fixed length control field 150130s2006 sp ac 000 0 spa d
020 ## - ISBN
International Standard Book Number 8449431743
040 ## - FUENTE DE CATALOGACIÓN
Agencia que crea de manera original el registro DO-SdBPM
Idioma de catalogación spa
Agencia que realiza la transcripción BPMSU
082 #4 - NÚMERO DE CLASIFICACIÓN DECIMAL DE DEWEY
Classification number R036
Item number P952a 2006
Edition number 22
245 00 - MENCIÓN DE TITULO
Título Priamia activa :
Subtítulo Plus /
Mención de responsabilidad Dirección José Gay ; dirección Carlos Gispert ; ilustraciones Javier Andrada
260 ## - PUBLICACIÓN, DISTRIBUCIÓN, ETC. (PIE DE IMPRENTA)
Lugar de publicación, distribución, etc Barcelona, España :
Nombre del editor, distribuidor, etc. Grupo Océano,
Fecha de publicación, distribución, etc 2006
300 ## - DESCRIPCIÓN FÍSICA
Extensión 6 v. :
Otros detalles físicos il., retrs. ;
Dimensiones 29 cm.
505 0# - NOTA DE CONTENIDO
Texto normalizado de contenido Volumen 1 lenguaje.-- Matemáticas.-- Geometría.-- Astronomía.-- Geografía física.-- Geología.-- Paleontología.-- Cuerpo humano.-- Salud e higiene.-- Volumen 2 Botánica.-- Zoología.-- Países del mundo.-- Pueblos y culturas.-- Economía y sociedad.-- Transportes y comunicaciones.-- Física.-- Volumen 3 Química.-- computación.-- Internet.-- Tecnología.-- Diseños y materiales.-- Historia universal.-- Historia de América.-- Historia de la cultura.-- Banderas
590 ## - NOTA LOCAL
Texto de la nota local Inventariado, 2025/VM
650 #4 - ENCABEZAMIENTO DE MATERIA--TEMÁTICO
Término temático o nombre geográfico como elemento de entrada Educación primaria
Subdivisión de forma Diccionarios, enciclopedias, etc.
Subdivisión temática general
650 #4 - ENCABEZAMIENTO DE MATERIA--TEMÁTICO
Término temático o nombre geográfico como elemento de entrada Enciclopedias escolares
Subdivisión temática general
700 1# - ASIENTO SECUNDARIO -- NOMBRE PERSONAL
Nombre personal Gay José
Mención de responsabilidad dirección
700 1# - ASIENTO SECUNDARIO -- NOMBRE PERSONAL
Nombre personal Gispert Carlos
Mención de responsabilidad Dirección
700 1# - ASIENTO SECUNDARIO -- NOMBRE PERSONAL
Nombre personal Andrada Javier
Mención de responsabilidad ilustraciones
710 ## - ASIENTO SECUNDARIO -- NOMBRE CORPORATIVO
Nombre corporativo o de jurisdicción Grupo Océano
830 #0 - ASIENTO SECUNDARIO DE SERIE--TÍTULO UNIFORME
Título uniforme Proyecto Sé
910 ## - VALIDACIÓN
Validación VMateo V. Control de calidad BPMSU
942 ## - ADDED ENTRY ELEMENTS (KOHA)
Source of classification or shelving scheme Dewey Decimal Classification
Koha item type Libros
Existencias
Withdrawn status Lost status Source of classification or shelving scheme Damaged status Not for loan Collection code Home library Current library Date acquired Total Checkouts Full call number Barcode Date last seen Copy number Price effective from Koha item type
    Dewey Decimal Classification     Colección de Referencia Dominicana Biblioteca Pública Metropolitana Salomé Ureña Biblioteca Pública Metropolitana Salomé Ureña 06/02/2025   BPMSU CDR R036 P952a 2006 BPMSU25060001 06/02/2025 v.1 06/02/2025 Libros
    Dewey Decimal Classification     Colección de Referencia Dominicana Biblioteca Pública Metropolitana Salomé Ureña Biblioteca Pública Metropolitana Salomé Ureña 06/02/2025   BPMSU CDR R036 P952a 2006 BPMSU25060002 06/02/2025 v.2 06/02/2025 Libros
    Dewey Decimal Classification     Colección de Referencia Dominicana Biblioteca Pública Metropolitana Salomé Ureña Biblioteca Pública Metropolitana Salomé Ureña 06/02/2025   BPMSU CDR R036 P952a 2006 BPMSU25060003 06/02/2025 v.3 06/02/2025 Libros
    Dewey Decimal Classification     Colección de Referencia Dominicana Biblioteca Pública Metropolitana Salomé Ureña Biblioteca Pública Metropolitana Salomé Ureña 06/02/2025   BPMSU CDR R036 P952a 2006 BPMSU25060004 06/02/2025 v.4 06/02/2025 Libros
    Dewey Decimal Classification     Colección de Referencia Dominicana Biblioteca Pública Metropolitana Salomé Ureña Biblioteca Pública Metropolitana Salomé Ureña 06/02/2025   BPMSU CDR R036 P952a 2006 BPMSU25060005 06/02/2025 v.5 06/02/2025 Libros
    Dewey Decimal Classification     Colección de Referencia Dominicana Biblioteca Pública Metropolitana Salomé Ureña Biblioteca Pública Metropolitana Salomé Ureña 06/02/2025   BPMSU CDR R036 P952a 2006 BPMSU25060006 06/02/2025 v.6 06/02/2025 Libros